000 00720nam a2200277Ia 4500
003 OSt
005 20220912151321.0
006 a|||||r|||| 00| 0
007 ta
008 220909b |||||||| |||| 00| 0 eng d
024 _a47396
037 _cTextual
040 _aCSL
_beng
_cCSL
041 _aeng
082 _aH41z7, L9
100 _aRiecker R E Ed.
245 0 _aRio Grande right: Tectonics and magmatism
260 _aWashington
_bGeophysical union
_c1979
300 _aix,438p.
_ccm.
500 _aIncludes bibliography
650 _a Dynamic geology
650 _a Hypogene
650 _aGeology
942 _hH41z7, L9
_cTEXL
_2CC
999 _c65843
_d65843